00577nam a2200193Ia 450000500170000000800410001702000150005808200230007310000110009624500650010726000400017230000160021265000100022865000150023865000100025394200060026395200990026999900150036820250325035611.0240331s9999 xx 000 0 und d a8170010888 a302.232bJHA21794 aJha, R 0aWomen and the Indian Print Media:bPortrayal and Performance aDelhi,bChanakya Publicationsc1992 axv, 208 p., aWomen aJournalism aMedia cL 001040708LaWERCLbWERCLcSSCd2024-03-31l0o 302.232 JHAp1794r2024-03-31w2024-03-31yL c1151d1151